Restaurantes ORT Monta - Estadísticas

Estadísticas generales
  • Esta prueba ha sido intentada 19 veces
  • La puntuación promedio es 18 de 35
Estadísticas de respuestas
Inicial/es Respuesta % Correcto
S Solomia
91%
B Braseria
82%
P Peruano
82%
AdP Almacen de pizzas
73%
P Pizzuela
73%
A Aieka
64%
BP Big Pons
64%
CN Cantina Nuñez
64%
CL Chef León
64%
K Kopi
64%
MD Mc Donalds
64%
P Poke
64%
BL Betos Lomitos
55%
F Forét
55%
F Fuoco
55%
G Gorrión
55%
S Siba
55%
T Tognis
55%
D Dogg
45%
EA El Antojo
45%
F Fabric
45%
LT La Tabola
45%
ET Empanadas Tremendas
36%
G Galidón
36%
GC Gontran Cherrier
36%
HD Home Deli
36%
LC La Carmela
36%
MG Mi Gusto
36%
N Norimoto
36%
O Otaku
36%
PN Parrilla Nuñez
36%
S Starbucks
36%
LPQ Le Pain Quotidien
27%
TC Tognis Café
27%
B Botánica
18%
No se encontraron pruebas coincidentes
Distribución de puntuación
Porcentaje de gente con cada puntuación
Porcentaje por número respondido
Historial de tus puntuaciones
No has intentado esta prueba.